Celebrate your freedom: (Record no. 5806)

000 -LEADER
fixed length control field 00593nam a2200181 a 4500
001 - CONTROL NUMBER
control field :::00003548$&:&@@
003 - CONTROL NUMBER IDENTIFIER
control field OkBaRHE
005 - DATE AND TIME OF LATEST TRANSACTION
control field 20000607103307.0
008 - FIXED-LENGTH DATA ELEMENTS--GENERAL INFORMATION
fixed length control field s1975 j 000 0 eng u
040 ## - CATALOGING SOURCE
Transcribing agency
100 1# - MAIN ENTRY--PERSONAL NAME
Personal name Williams, Don, 1937-
245 10 - TITLE STATEMENT
Title Celebrate your freedom:
Remainder of title an inductive Bible study on Galatians.
260 ## - PUBLICATION, DISTRIBUTION, ETC. (IMPRINT)
Place of publication, distribution, etc Waco, TX., :
Name of publisher, distributor, etc Word Books
Date of publication, distribution, etc c1975
300 ## - PHYSICAL DESCRIPTION
Extent 148 p. ;
Dimensions 23 cm.
650 ## - SUBJECT ADDED ENTRY--TOPICAL TERM
Topical term or geographic name as entry element Bible New Testament Galatians
General subdivision Commentaries
942 ## - ADDED ENTRY ELEMENTS (KOHA)
Source of classification or shelving scheme
Koha item type Books
Copies
Date acquired Copy number Permanent Location Koha item type Not for loan Withdrawn status Barcode Damaged status Date last seen Shelving location Lost status Price effective from Source of classification or shelving scheme Full call number
2010-04-141RHEMA Bible Training CollegeBooks  3548 2018-04-03General Stacks 2010-04-14 BS 2685.3 .W53